00344nam a2200097 4500008004100000082001500041245008100056260006300137300001000200650003600210231226b |||||||| |||| 00| 0 eng d a323.2bETH aEthnic violence in Galle: ba report of the independent committee of inquiry aColombo :bInternational Centre for Ethnic Studies,c 1995 a31 p. aETHNIC VIOLENCE-Galle-Sri Lanka